000 00587nam a2200205Ii 4500
003 JO-AjNU
008 230606s9999||||xx |||||||||||||| ||und||
040 _aJO-AjNU
_beng
_erda
_cJO-AjNU
041 _aeng
050 1 4 _aBP172.D43.1993
100 3 _aDeedat, Ahmed ,
_eauthor
_96833
245 0 4 _aThe Choice-Islam and Christianity, Vol One
250 _a1ed
264 3 1 _aSouth Africa: I.I.P.H, 1993
300 _a228p
336 _atext
_btxt
_2rdacontent
337 _aunmediated
_bn
_2rdamedia
338 _avolume
_bnc
_2rdacarrier
650 4 _aIslam-Relations-Christianity
_96834
999 _aE3566
_c3541
_d3541